Návrh racionalizácie riadenia zásob a skladového hospodárstva v podniku JUTEX SLOVAKIA, s. r. o., Bratislava

Guardado en:
Detalles Bibliográficos
Autor principal: Ščasná, Jana, 1979- (Autor)
Otros Autores: Rybanský, Peter, 1973- (xxx)
Formato: Manuscrito Libro
Lenguaje:eslovaco
Publicado: STU v Bratislave MTF UPMK, 2010
Materias:
Acceso en línea:VAIS
Etiquetas: Agregar Etiqueta
Sin Etiquetas, Sea el primero en etiquetar este registro!

MARC

LEADER 00000ntm a22000003a 4500
001 stu206605
005 20160719160158.8
008 100707s2010------------------------slo-d
040 |a STU  |b slo 
041 0 |a slo 
100 1 |a Ščasná, Jana,  |d 1979-  |4 aut  |X 31456  |7 A000031456 
242 0 0 |a The proposal of stock racionalization and stock control in company JUTEX SLOVAKIA, s. r. o., Bratislava  |y eng 
245 1 |a Návrh racionalizácie riadenia zásob a skladového hospodárstva v podniku JUTEX SLOVAKIA, s. r. o., Bratislava 
260 |b STU v Bratislave MTF UPMK,  |c 2010 
650 7 |a stock  |2 estusub 
650 7 |a control  |2 estusub 
650 7 |a zásoby  |2 stusub 
650 7 |a skladové hospodárstvo  |2 stusub 
650 7 |a riadenie  |2 stusub 
700 1 |a Rybanský, Peter,  |d 1973-  |4 xxx  |X 12904  |7 A000012904 
856 4 |a info a plný text  |u http://is.stuba.sk/zp/portal_zp.pl?podrobnosti=58366  |3 VAIS 
996 |c M*DP-9468  |l MMSKP  |s P  |a 0  |w stu206605_0001